000 00267nam a22001217a 4500
040 _cHS
082 _a631
100 _aស៊ុន ហ៊ាន
245 _aសត្វព្រៃ
260 _aRUA
_bស៊ុន ហ៊ាន
_cNA
300 _a64p;
942 _cKB
999 _c9293
_d9293